000 00597nam a2200193 a 4500
999 _c6926
_d6926
005 20171220133205.0
008 140217b2009 ck ||||| |||| 00| 0 spa d
040 _aCO-BoIAVH
_cCO-BoIAVH
041 _aspa
044 _ack
090 _aIAVH
_b0039
100 _aTapia, Carlos
_96011
245 _aDistrito de manejo integrado de los páramos y bosques altoandinos del noroccidente medio de Antioquia
260 _aBogotá
_bInstituto de Investigación de Recursos Biológicos Alexander von Humboldt
_c2009?
300 _a9 p.
662 _bAntioquia
942 _cImpreso
_2z
_01
945 _dLER